000 00633nam a2200229Ia 4500
003 OSt
005 20220925195535.0
006 a|||||r|||| 00| 0
007 ta
008 220923b |||||||| |||| 00| 0 eng d
037 _cGeneral Book
040 _aRTL
_cRTL
_beng
041 _2eng
_aeng
082 _aX:51.1.N7, L2;N1/TD
100 _aTerpstra Vern
_9153485
245 0 _aInternational Marketing
260 _aChicago
_bThe Dryden Press USA
_c1991
300 _a714p.
_ccm.
500 _aAppendix:p 235-58
942 _hX:51.1.N7, L2;N1/TD
_cGB
_2CC
999 _c533344
_d533344